| 000 | 02259cam a22004934i 4500 | ||
|---|---|---|---|
| 003 | PE-LiUPU | ||
| 005 | 20250731175645.0 | ||
| 008 | 150616s1995 ck a rb 000 0 spa d | ||
| 020 | _a9582002255 | ||
| 020 | _a9789582002251 | ||
| 035 | _a(Sirsi) i9789582002251 | ||
| 040 |
_aPE-LiUPU _bspa _cPE-LiUPU _erda |
||
| 049 | _aPRUA | ||
| 082 | 0 | 4 |
_a468.2 _bP45 _221 |
| 100 | 1 |
_aPérez Grajales, Héctor, _eautor. |
|
| 245 | 1 | 0 |
_aComunicación Escrita : _bproducción de interpretación del discurso escrito. Talleres / _cHéctor Pérez Grajales. |
| 264 | 1 |
_aBogotá : _bPresencia, _c1995. |
|
| 300 |
_a177 páginas : _bilustraciones ; _c24 centímetros |
||
| 336 |
_atext _2rdacontent |
||
| 337 |
_aunmediated _2rdamedia |
||
| 338 |
_avolume _2rdacarrier |
||
| 490 | 0 | _aColección Aula Abierta | |
| 500 |
_aComposición Castellana _bVéase _cESPAÑOL - REDACCION Y EJERCICIOS. |
||
| 504 | _aBibliografía: páginas 175-176. | ||
| 505 | 0 | _aEl acto de habla -- Los géneros discursivos según su significado -- La comprensión de los textos -- Producción de textos -- El párrafo -- Clasificación del discurso según su estructura. | |
| 526 | _aP145 | ||
| 526 | _aP127 | ||
| 526 | _aP97 | ||
| 526 | _aP35 | ||
| 526 | _aP14 | ||
| 526 | _aP07 | ||
| 650 | 0 | 4 | _aEspañol - redacción y ejercicios. |
| 910 |
_ajck _bjvq _cjck |
||
| 910 |
_bksl _cksl _d20190423 |
||
| 942 |
_2ddc _cBOOK |
||
| 949 |
_a468.2 P45 _wDEWEY _c1 _i42034 _lCCODEBUL1 _mBUL _r0 _sY _tBOOK _u2015-4-23 _xEDUCACION _zUNKNOWN _0COMPRA _o.STAFF. Colección Ciencias Humanas y Educación |
||
| 949 |
_a468.2 P45 _wDEWEY _c2 _i42033 _lCCODEBUL1 _mBUL _r0 _sY _tBOOK _u2015-6-16 _xEDUCACION _PP20 _0COMPRA _o.STAFF. Colección Ciencias Humanas y Educación |
||
| 994 |
_aC0 _bPEPRU |
||
| 596 | _a1 | ||
| 999 |
_a468.2 P45 _wDEWEY _c59680 _i42034 _d59680 _e2017-8-21 _f2019-12-11 _g5 _lDISCARD _mBUL _n1 _p33.00 _r0 _sY _tBOOK _u2015-4-23 _xEDUCACION _zUNKNOWN _0COMPRA _o.STAFF. Colección Ciencias Humanas y Educación |
||
| 999 |
_a468.2 P45 _wDEWEY _c2 _i42033 _e2017-3-30 _f2022-5-16 _g4 _lCCODEBUL1 _mBUL _n1 _r0 _sY _tBOOK _u2015-6-16 _xEDUCACION _PP20 _0COMPRA _o.STAFF. Colección General |
||
| 980 |
_81 _gALBERTO SANCHEZ Responsable de Automatización |
||